[Event "EU-chT (Women) 21st"]
[Site "Heraklion"]
[Date "2017.10.30"]
[Round "3.4"]
[White "Novosadova, Kristyna"]
[Black "Koepke, Elena"]
[Result "1-0"]
[WhiteElo "2184"]
[BlackElo "2309"]
[PlyCount "97"]
[EventDate "2017.10.28"]
[EventType "team-swiss"]
[EventRounds "9"]
[EventCountry "GRE"]
[SourceTitle "CBM 181 Extra"]
[Source "ChessBase"]
[SourceDate "2017.12.12"]
[SourceVersion "1"]
[SourceVersionDate "2017.12.12"]
[SourceQuality "1"]
[WhiteTeam "Czech Republic (W)"]
[BlackTeam "Germany (W)"]
[WhiteTeamCountry "CZE"]
[BlackTeamCountry "GER"]

1. d4 d5 2. Nf3 Nf6 3. e3 Bg4 4. b3 e6 5. Bd3 Nbd7 6. Bb2 Bd6 7. Nbd2 c6 8. h3 Bh5 9. g4 Bg6 10. Bxg6 hxg6 11. Ne5 Bxe5 12. dxe5 Ng8 13. Qe2 Ne7 14. 0-0-0 a5 15. e4 a4 16. f4 axb3 17. axb3 Ra2 18. h4 Qa5 19. h5 Rf8 20. f5 gxh5 21. gxh5 exf5 22. exf5 Nxf5 23. e6 fxe6 24. Qxe6+ Kd8 25. Rhf1 d4 26. b4 Qd5 27. Qxd5 cxd5 28. Nb3 Ke7 29. Nxd4 Nxd4 30. Bxd4 Rh8 31. Rf5 Ke6 32. Bxg7 Rg8 33. Rg5 Ra1+ 34. Kd2 Rxd1+ 35. Kxd1 Nf8 36. h6 Nh7 37. Rg6+ Kd7 38. Kd2 b5 39. Rb6 Ng5 40. Rxb5 Kc6 41. c4 Ne4+ 42. Ke3 Re8 43. Kd4 Ng3 44. Rc5+ Kb6 45. Kxd5 Nf5 46. Rc6+ Kb7 47. Re6 Rg8 48. Ke5 Nxg7 49. Re7+ 1-0